[Event "POL-chT 2nd div North"]
[Site "Lublin"]
[Date "1999.??.??"]
[Round "1"]
[White "Jablonski, Lukasz Adam"]
[Black "Duch, Mariusz"]
[Result "0-1"]
[WhiteElo "2055"]
[BlackElo "2285"]
[PlyCount "60"]
[EventDate "1999.09.11"]
[EventType "team-swiss"]
[EventRounds "8"]
[EventCountry "POL"]
[SourceTitle "EXT 2003"]
[Source "ChessBase"]
[SourceDate "2002.11.25"]
[SourceVersion "1"]
[SourceVersionDate "2002.11.25"]
[SourceQuality "1"]
[WhiteTeam "Torun Apator"]
[BlackTeam "Plock Wlodkowic"]
[WhiteTeamCountry "POL"]
[BlackTeamCountry "POL"]

1. e4 g6 2. d4 Bg7 3. Nc3 d6 4. Be3 c6 5. a4 Nf6 6. f3 0-0 7. Qd2 Nbd7 8. Bh6 e5 9. dxe5 dxe5 10. h4 Nc5 11. Qxd8 Rxd8 12. Bxg7 Kxg7 13. Bc4 Be6 14. Bxe6 Nxe6 15. Nge2 Rd7 16. Rd1 Rad8 17. Kf2 Rd2 18. Ke3 R2d4 19. Kf2 R4d7 20. Rxd7 Rxd7 21. Rd1 Kf8 22. Rxd7 Nxd7 23. Ke3 Ke7 24. b3 Kd6 25. Nd1 Kc5 26. c3 a5 27. Nb2 b5 28. Kd3 Nb6 29. g3 bxa4 30. Nxa4+ Nxa4 0-1

[Event "POL-chT 2nd div North"]
[Site "Lublin"]
[Date "1999.??.??"]
[Round "6"]
[White "Jablonski, Lukasz Adam"]
[Black "Mazul, Waldemar"]
[Result "1/2-1/2"]
[WhiteElo "2055"]
[BlackElo "2305"]
[PlyCount "43"]
[EventDate "1999.09.11"]
[EventType "team-swiss"]
[EventRounds "8"]
[EventCountry "POL"]
[SourceTitle "EXT 2003"]
[Source "ChessBase"]
[SourceDate "2002.11.25"]
[SourceVersion "1"]
[SourceVersionDate "2002.11.25"]
[SourceQuality "1"]
[WhiteTeam "Torun Apator"]
[BlackTeam "POL-chT 2nd div North 3"]
[WhiteTeamCountry "POL"]
[BlackTeamCountry "POL"]

1. e4 c5 2. Nc3 Nc6 3. f4 d6 4. Nf3 Nf6 5. Bb5 Bd7 6. d3 a6 7. Bxc6 Bxc6 8. 0-0 e6 9. f5 exf5 10. Nh4 fxe4 11. Bg5 Qd7 12. Bxf6 gxf6 13. dxe4 0-0-0 14. Nd5 Qe6 15. Qf3 Rg8 16. Rae1 Rg4 17. g3 Rg5 18. Nf5 Re8 19. c4 Qe5 20. b3 Kb8 21. Re3 Ka7 22. Rfe1 1/2-1/2

[Event "POL-chT 2nd div North"]
[Site "Lublin"]
[Date "1999.??.??"]
[Round "5"]
[White "Lobejko, Rafal"]
[Black "Jablonski, Lukasz Adam"]
[Result "1-0"]
[WhiteElo "2370"]
[BlackElo "2055"]
[PlyCount "60"]
[EventDate "1999.09.11"]
[EventType "team-swiss"]
[EventRounds "8"]
[EventCountry "POL"]
[SourceTitle "EXT 2003"]
[Source "ChessBase"]
[SourceDate "2002.11.25"]
[SourceVersion "1"]
[SourceVersionDate "2002.11.25"]
[SourceQuality "1"]
[WhiteTeam "Lublin AZS UMCS"]
[BlackTeam "Torun Apator"]
[WhiteTeamCountry "POL"]
[BlackTeamCountry "POL"]

1. Nf3 d6 2. d4 Nf6 3. g3 g6 4. Bg2 Bg7 5. 0-0 0-0 6. b3 c6 7. Bb2 Qa5 8. h3 Qh5 9. g4 Qa5 10. Qd2 Qc7 11. Nc3 b5 12. a3 Bb7 13. Ne1 Ne8 14. e4 e5 15. d5 f5 16. exf5 gxf5 17. dxc6 Bxc6 18. Bxc6 Nxc6 19. Nxb5 Qd7 20. f3 a6 21. Nc3 fxg4 22. hxg4 e4 23. Na4 exf3 24. Nxf3 Qxg4+ 25. Qg2 Qxg2+ 26. Kxg2 Bxb2 27. Nxb2 Nf6 28. Nc4 d5 29. Nce5 Rac8 30. Nxc6 Rxc6 1-0

[Event "Abihome-A"]
[Site "Brussels"]
[Date "1995.10.??"]
[Round "2"]
[White "Hellsten, Johan"]
[Black "Jablonski, Lukasz Adam"]
[Result "1-0"]
[WhiteElo "2430"]
[BlackElo "2145"]
[PlyCount "61"]
[EventDate "1995.10.28"]
[EventType "swiss (rapid)"]
[EventRounds "11"]
[EventCountry "BEL"]
[SourceTitle "EXT 2015"]
[Source "ChessBase"]
[SourceDate "2014.11.20"]
[SourceVersion "1"]
[SourceVersionDate "2014.11.20"]
[SourceQuality "1"]

1. d4 Nf6 2. c4 g6 3. Nc3 Bg7 4. e4 d6 5. Nf3 0-0 6. Be2 Nbd7 7. 0-0 e5 8. Re1 a5 9. Bf1 Re8 10. Be3 Ng4 11. Bg5 f6 12. Bc1 f5 13. exf5 gxf5 14. h3 Ngf6 15. dxe5 dxe5 16. Nxe5 Nxe5 17. Rxe5 Qxd1 18. Rxe8+ Nxe8 19. Nxd1 Be6 20. Bf4 Rd8 21. Rc1 Rd4 22. Be3 Rd8 23. Nc3 Be5 24. Bg5 Nf6 25. Re1 Bxc3 26. Rxe6 Kf7 27. Re2 Rd1 28. bxc3 Ne4 29. Bf4 Nxc3 30. Rc2 Ne4 31. Rc1 1-0

[Event "Abihome-A"]
[Site "Brussels"]
[Date "1995.10.??"]
[Round "6"]
[White "Jablonski, Lukasz Adam"]
[Black "Ooms, Andy"]
[Result "1-0"]
[WhiteElo "2145"]
[BlackElo "2130"]
[PlyCount "57"]
[EventDate "1995.10.28"]
[EventType "swiss (rapid)"]
[EventRounds "11"]
[EventCountry "BEL"]
[SourceTitle "EXT 2015"]
[Source "ChessBase"]
[SourceDate "2014.11.20"]
[SourceVersion "1"]
[SourceVersionDate "2014.11.20"]
[SourceQuality "1"]

1. e4 d5 2. exd5 Qxd5 3. Nc3 Qa5 4. d4 c6 5. Nf3 Nf6 6. Bc4 Bf5 7. 0-0 Nbd7 8. Re1 e6 9. a3 Bd6 10. d5 Nb6 11. Nd4 Bg4 12. Be2 Bxe2 13. Qxe2 Nbxd5 14. Nxe6 Nxc3 15. bxc3 Kd7 16. Bf4 Rhe8 17. Rad1 Rxe6 18. Rxd6+ Rxd6 19. Qe7+ Kc8 20. Bxd6 Qd8 21. Qe5 b6 22. Be7 Qd5 23. Bxf6 gxf6 24. Qxd5 cxd5 25. Re7 Kd8 26. Rxf7 Rc8 27. Rf8+ Kd7 28. Rxc8 Kxc8 29. Kf1 1-0

[Event "Abihome-A"]
[Site "Brussels"]
[Date "1995.10.??"]
[Round "9"]
[White "Schneider, Stefan"]
[Black "Jablonski, Lukasz Adam"]
[Result "1-0"]
[WhiteElo "2210"]
[BlackElo "2145"]
[PlyCount "45"]
[EventDate "1995.10.28"]
[EventType "swiss (rapid)"]
[EventRounds "11"]
[EventCountry "BEL"]
[SourceTitle "EXT 2015"]
[Source "ChessBase"]
[SourceDate "2014.11.20"]
[SourceVersion "1"]
[SourceVersionDate "2014.11.20"]
[SourceQuality "1"]

1. d4 Nf6 2. Bg5 g6 3. Bxf6 exf6 4. e3 Bg7 5. Ne2 0-0 6. Nf4 d6 7. Bd3 Nc6 8. c3 Ne7 9. Qb3 b6 10. Nd2 f5 11. a4 Bb7 12. a5 Bh6 13. 0-0 Bxf4 14. exf4 Nd5 15. g3 Nf6 16. Rfe1 Re8 17. Bb5 Re7 18. a6 Bc8 19. Bc6 Rb8 20. Qb5 Bd7 21. Kf1 Bxc6 22. Qxc6 Qe8 23. Qc4 1-0